Most Valuable Soccer Teams in the World 2023 - Statistics

General Stats
  • This quiz has been taken 208 times
  • The average score is 18 of 30
Answer Stats
Hint Value ($) Answer % Correct
5 4.99B Manchester City
99%
1 6.07B Real Madrid
99%
3 5.51B Barcelona
98%
2 6B Manchester United
98%
6 4.86B Bayern Munich
95%
4 5.29B Liverpool
94%
8 3.1B Chelsea
93%
10 2.26B Arsenal
91%
7 4.21B Paris Saint-Germain
91%
14 1.4B AC Milan
90%
16 1.03B Inter Milan
90%
12 1.93B Borussia Dortmund
89%
9 2.8B Tottenham Hotspur
84%
11 2.16B Juventus
82%
13 1.54B Atletico Madrid
77%
27 724M AS Roma
66%
24 756M Aston Villa
65%
22 794M Newcastle
64%
26 734M Olympique Lyonnais
56%
25 744M Everton
53%
15 1.08B West Ham United
53%
23 781M Leicester City
37%
20 806M Crystal Palace
23%
18 925M LA Galaxy
13%
17 1B Los Angeles FC
7%
28 700M DC United
3%
30 680M Austin FC
2%
21 800M New York City FC
2%
19 850M Atlanta United FC
1%
29 690M Toronto FC
1%
No matching quizzes found
Score Distribution
Percent of People with Each Score
Percentile by Number Answered
Your Score History
You have not taken this quiz